00616nam a2200205Ia 450000500170000000800410001702000180005804000190007604100120009508200170010710000210012424500650014525000440021026000240025430000360027850400480031465000150036270000220037785000110039920240419125840.0131103s9999 xx 000 0 und d a0 205 11360 5 aLoreto College aEnglish a370.15 bGIB aGibson, Janice T aEducational PsychologycJanice T Gibson & Louis A. Chandler a mastering principles and applications  aBostanbAllync1988 axviii,534pb ill.,chart, tables aInclude bibliographical references & index aPsychology aChandler, Louis A aLCBED